000 00603nam a2200241 a 4500
001 0001-1288
003 ELIB.Books
008 150702 2010 eng
020 _a0849906547
035 _a(ELIB.Books)0001-1443
092 _a248.4
_bSwi
100 _aSwindoll, Charles R.
245 _aLiving Beyond the Daily Grind
260 _aDallas
_bWord Publishing
_c1988
300 _a242
_c23.5 Cm
500 _aLibrary
650 _aChristian Life
856 _nKBTS: Library
_uKBTS: Elib
942 _2ddc
_cBK
990 _a1
998 _cbat
_e2015-07-02
999 _c11288
_d11288